000 00579nam a2200181Ia 4500
003 GCL
008 140319s9999 xx 000 0 ara d
040 _aGCL /
_cGCL
082 0 4 _aد
_b050
100 1 _aمحمد حسن عبدالله
245 1 0 _aالكويت والتنمية الثقافية العربية ( عالم المعرفة 153 ) /
_cمحمد حسن عبدالله
300 _a287 ص
490 _aعالم المعرفة
_v0
650 0 4 _aالكويت
650 0 4 _aالثقافة العربية
650 0 4 _aالثقافة - الكويت
942 _2ddc
_cBK
999 _c50307
_d50307